| 000 | 01828cam a22004695a 4500 | ||
|---|---|---|---|
| 999 |
_c750 _d750 |
||
| 001 | 19808317 | ||
| 003 | GZU | ||
| 005 | 20200911144128.0 | ||
| 008 | 170721s2013 sa a b 001 0 eng d | ||
| 010 | _a 2017418227 | ||
| 020 | _a9781868147564 | ||
| 020 | _a1868147568 | ||
| 035 | _a(OCoLC)ocn871089301 | ||
| 040 |
_aOI@ _beng _cOI@ _dOCLCO _dOCLCF _dOCL _dOCLCQ _dNUI _dOCL _dDLC |
||
| 042 | _alccopycat | ||
| 043 | _af-sa--- | ||
| 050 | 0 | 0 |
_aBF175.4.RAC _b 2013 |
| 245 | 0 | 0 |
_aRace, memory and the apartheid archive : _btowards a transformative psychosocial praxis / _cedited by Garth Stevens, Norman Duncan and Derek Hook. |
| 260 |
_aJohannesburg : _bWits University Press, _c2013. |
||
| 300 |
_axvi, 368 pages : _billustrations ; _c22 cm |
||
| 336 |
_atext _btxt _2rdacontent |
||
| 337 |
_aunmediated _bn _2rdamedia |
||
| 338 |
_avolume _bnc _2rdacarrier |
||
| 500 | _a"First published in 2013 by Palgrave Macmillan"--Title page verso. | ||
| 504 | _aIncludes bibliographical references (pages 335-359) and index. | ||
| 648 | 7 |
_a1900-1999 _2fast |
|
| 650 | 0 |
_aPsychoanalysis and racism _zSouth Africa. |
|
| 650 | 0 |
_aApartheid _zSouth Africa. |
|
| 650 | 7 |
_aApartheid. _2fast _0(OCoLC)fst00811112 |
|
| 650 | 7 |
_aPsychoanalysis and racism. _2fast _0(OCoLC)fst01081279 |
|
| 650 | 7 |
_aRace relations. _2fast _0(OCoLC)fst01086509 |
|
| 650 | 7 |
_aSocial conditions _2fast _0(OCoLC)fst01919811 |
|
| 651 | 0 |
_aSouth Africa _xRace relations. |
|
| 651 | 0 |
_aSouth Africa _xSocial conditions. |
|
| 651 | 7 |
_aSouth Africa. _2fast _0(OCoLC)fst01204616 |
|
| 700 | 1 |
_aStevens, Garth. _eeditor |
|
| 700 | 1 |
_aDuncan, Norman. _eeditor |
|
| 700 | 1 | _aHook, Derek. | |
| 906 |
_a7 _bcbc _ccopycat _d3 _encip _f20 _gy-gencatlg |
||
| 942 |
_2lcc _cBK _h175.4 _iRAC _kBF |
||